000 01038nam a2200277Ia 4500
003 OSt
005 20220930091153.0
006 a|||||r|||| 00| 0
007 ta
008 220926b |||||||| |||| 00| 0 eng d
024 _a4761
037 _cTheses
040 _aCRL
_cCRL
_beng
041 _2eng
_aeng
100 _aMidha Karan
_9544995
110 _aUniversity of Delhi. Faculty of Medical Sciences. Department of Surgery
245 0 _aComparison of alvarado with ripasa score in diagnosis of acute appendicitis and correlation of both the scoring systems with intraoperative and histopathological findinds
260 _c2012
650 _aSURGERY
700 _a Dr. Jagdish Chander Gu.
_9533977
700 _a Dr. Nita Khurana Gu.
_9535910
700 _a Dr. Vinod Kumar Ramteke Gu.
_9540491
700 _aUniversity of Delhi. Faculty of Medical Sciences. Department of Surgery
942 _cDIS
_2CC
999 _c881750
_d881750